000
00284 a2200145 4500
001
174221
020
_a
040
_c
Magnum
100
_a
Vovo Felicio
240
1
0
_a
A fama do jabuti
_l
por
245
1
0
_a
A fama do jabuti
362
0
_a
1899
697
_a
IJ/FABULAS
942
_c
BK
999
_c
174221
_d
174221